Visualizzazione normale
Vista MARC
- Stefani Gino
di Personal Name
Records bibliografici associati: 1
001 - CONTROL NUMBER
- control field: 2494
003 - CONTROL NUMBER IDENTIFIER
- control field: IT-RoPau
005 - DATE AND TIME OF LATEST TRANSACTION
- control field: 20131120145013.0
008 - FIXED-LENGTH DATA ELEMENTS
- fixed length control field: 131120|| aca||aabn | a|a d
040 ## - CATALOGING SOURCE
- Original cataloging agency: IT-RoPau
- Transcribing agency: IT-RoPau
100 ## - HEADING--PERSONAL NAME
- Personal name: Stefani Gino
- Relator term: Autore testo e musica
- Miscellaneous information: Codice autore testo/musica SPICS: 1035
670 ## - SOURCE DATA FOUND
- Source citation: Work cat.: (IT-RoPau)102363: Giombini Marcello 2491, Messa Alleluia (Lp Pcc Ms 0060)